MESTSKÁ KNIŽNICA GIRALTOVCE  - online katalóg 

Besedy s rodičmi (Record no. 23929)

000 -NÁVESTIE
fixed length control field 00899nam a2200301 a 4500
001 - EVIDENČNÉ ČÍSLO ZÁZNAMU - Kontrolné číslo
control field vtls001075290
005 - DÁTUM A ČAS POSLEDNEJ TRANSAKCIE
control field 20250926081952.0
008 - ÚDAJE S PEVNOU DĹŽKOU – VŠEOBECNÉ INFORMÁCIE
fixed length control field 250414s1993 xo 0 slo
020 ## - MEDZINÁRODNÉ ŠTANDARDNÉ ČÍSLO KNIHY (ISBN)
Medzinárodné štandardné číslo knihy (ISBN) 8085658038
035 ## - Iný štandardný identifikátor
Iný štandardný identifikátor SNK000018122
040 ## - ZDROJ KATALOGIZÁCIE
Pôvodná katalogizujúca agentúra SNK
Jazyk katalogizácie slo
Prepisujúca agentúra SNK
Konvencie popisu AACR2
041 0# - KÓD JAZYKA
Kód jazyka textu/zvukovej stopy alebo samostatných nápisov slo
044 ## - KÓD KRAJINY VYDAVATEĽA/PRODUCENTA
Kód krajiny MARC xo
Kód krajiny ISO SK
080 ## - ČÍSLO MEDZINÁRODNÉHO DESATINNÉHO TRIEDENIA (MDT)
Číslo Medzinárodného desatinného triedenia (MDT) 37.018:26(035)
Identifikátor vydania 1981
080 ## - ČÍSLO MEDZINÁRODNÉHO DESATINNÉHO TRIEDENIA (MDT)
Číslo Medzinárodného desatinného triedenia (MDT) 26
Identifikátor vydania 1981
100 1# - OSOBNÉ MENÁ – VŠEOBECNÉ INFORMÁCIE
Osobné meno Prvá, Eva
Kód roly aut
-- 77
245 10 - NÁZOV
Názov Besedy s rodičmi
Údaj o zodpovednosti atď. Eva Prvá ; Graf. úpr. Emília Chlústiková
250 ## - ÚDAJ O PORADÍ VYDANIA
Údaj o poradí vydania 1. vyd.
260 ## - VYDAVATEĽSKÉ ÚDAJE, DISTRIBÚCIA ATĎ.
Miesto publikovania, distribúcie atď. Nitra
Názov vydavateľa, distibútora atď. RODINA
Miesto publikovania, distribúcie atď. [Nitra]
Názov vydavateľa, distibútora atď. Marián Kolník [vyd.]
Dátum publikovania, distribúcie atď. 1993
Miesto výroby Bratislava
Výrobca Danubiaprint
300 ## - FYZICKÝ POPIS
Rozsah 222 s.
Ďalšie fyzické detaily Fotogr., lit. 6 zázn. v češ. a slov.
Rozmery 21 cm
490 0# - EDÍCIA
Edícia Pro Veritate
700 1# - PRIDANÝ VSTUP – OSOBNÉ MENO
Osobné meno Chlústiková, Emília
Kód roly bkd
-- 4833
958 ## - Formálny deskriptor
Formálny deskriptor APR
958 ## - Formálny deskriptor
Formálny deskriptor TL
958 ## - Formálny deskriptor
Formálny deskriptor NB
Holdings
Stav stiahnutia (Blokovanie) (Withrawn status) Stav straty Zdroj klasifikácie pre skladovanie Stav poškodenia (Damaged status) Nie pre výpožičky (Not for loan) Spôsob nadobudnutia (Collection code) Trvalé umiestnenie Aktuálne umiestnenie Dátum nadobudnutia Inventárne číslo (prírastkové číslo) Full call number Čiarový kód Dátum posledného výskytu Cena s účinnosťou od Typ jednotky Koha
          Dar Mestská knižnica Giraltovce Mestská knižnica Giraltovce 2025-09-26 22285 S1583 S1583 2025-09-26 2025-09-26 Odborná literatúra pre dospelých

Powered by Koha